| 000 | 00601cam a2200145 4500500 | ||
|---|---|---|---|
| 005 | 20260111093605.0 | ||
| 041 | _afre | ||
| 042 | _adc | ||
| 100 | 1 | 0 |
_aMiossec, Alain _eauthor |
| 245 | 0 | 0 | _aChristian Lévêque, La mémoire des fleuves et des rivières (l’histoire des relations entre les hommes et les cours d’eau à travers les siècles), Ulmer, 2019, 160 pages, 22 € |
| 260 | _c2019. | ||
| 500 | _a65 | ||
| 786 | 0 | _nLa Géographie | 1575 | 4 | 2019-10-01 | p. 56g-61g | 1964-9002 | |
| 856 | 4 | 1 | _uhttps://shs.cairn.info/revue-la-geographie-2019-4-page-56g?lang=fr&redirect-ssocas=7080 |
| 999 |
_c1626775 _d1626775 |
||